00930nam a2200229 a 4500001001000000003000500010005001700015008004100032010001100073011001100084040000900095100002000104245016700124260004100291500006000332502010900392650003700501650002800538650004100566650002300607856007000630000111860CHAP20220329144232.0150924s2015 mx a fsm |||||||spa d a108321 a109293 cCHAP1 aPierre, Absalon10aPropuestas de reestructuración curricular en dos facultades de agronomía haitianas relacionadas al desarrollo sustentable /h[En línea]cpor Absalon Pierre. aChapingo, Méx. :bEl autor,c2015. aPara ver el contenido del material haga clic en la liga aTesis (Ph.D. en Ciencias en Educación Agrícola Superior) -- UACH. Departamento de Sociología Rural14aCurriculoxEducación superior.14aEducación agrícola.14aEducación superiorxMetodología.14aPlanes de estudio. aFinding aiduhttp://10.13.5.2/tesis/sist111860.pdfzTeclea aquí